| Tag |
First Indicator |
Second Indicator |
Subfields |
| LEADER |
00000cam a2200000 a 4500 |
| 001 |
in00000952813 |
| 005 |
20150925144055.0 |
| 007 |
hd afv|||baca |
| 008 |
850725s1672 miua a 00000 eng d |
| 035 |
|
|
|a (OCoLC)12306394
|
| 035 |
|
|
|9 AES7011AM
|
| 037 |
|
|
|a CL0037000029
|b UMI
|
| 037 |
|
|
|b University Microfilms International, 300 N. Zeeb Rd., Ann Arbor, MI 48106
|
| 040 |
|
|
|a EAA
|c EAA
|d m/c
|d UtOrBLW
|
| 041 |
1 |
|
|a eng
|h fre
|
| 049 |
|
|
|a TXAI
|
| 099 |
|
|
|a film
|a B
|a 3609
|
| 100 |
1 |
|
|a Dubreuil, Jean,
|d 1602-1670.
|
| 240 |
1 |
0 |
|a Perspective pratique.
|l English
|
| 245 |
1 |
0 |
|a Perspective practical, or, A plain and easie method of true and lively representing all things to the eye at a distance :
|b by the exact rules of art ... /
|c by a religious person of the Society of Jesus ... ; faithfully translated out of French, and illustrated with 150 copper cuts ; set forth in English by Robert Pricke ...
|
| 264 |
|
3 |
|a London :
|b Printed by H. Lloyd, and sold by R. Pricke ...,
|c 1672.
|
| 300 |
|
|
|a 18 unnumbered pages, 150, that is, 300 pages, 6 unnumbered pages :
|b illustrations
|
| 336 |
|
|
|a text
|b txt
|2 rdacontent
|
| 337 |
|
|
|a microform
|b h
|2 rdamedia
|
| 338 |
|
|
|a microfilm reel
|b hd
|2 rdacarrier
|
| 500 |
|
|
|a Reproduction of original in Cambridge University Library.
|
| 500 |
|
|
|a Attributed to Jean Dubreuil. cf. NUC pre-1956.
|
| 500 |
|
|
|a Text and illustrations on opposite pages, numbered in duplicate.
|
| 500 |
|
|
|a Table to contents: pages [1]-[4] at end.
|
| 500 |
|
|
|a Advertisement: pages [5]-[6] at end.
|
| 510 |
4 |
|
|a Wing
|c D2411
|
| 533 |
|
|
|a Microfilm.
|b Ann Arbor, Mich. :
|c University Microfilms International,
|d 1978.
|e 1 microfilm reel ; 35 mm.
|f (Early English books, 1641-1700 ; 914:9)
|
| 500 |
|
|
|a Microform.
|
| 650 |
|
0 |
|a Perspective
|v Early works to 1800.
|
| 650 |
|
0 |
|a Drawing
|x Handbooks, manuals, etc.
|x Early works to 1800.
|
| 700 |
1 |
|
|a Pricke, Robert.
|
| 740 |
0 |
|
|a Perspective practical.
|
| 740 |
2 |
|
|a A plain and easie method of true and lively representing.
|
| 830 |
|
0 |
|a Early English books, 1641-1700 ;
|v 914:9.
|
| 999 |
|
|
|a MARS
|
| 999 |
f |
f |
|s 7147985e-68e4-3db6-8bdb-68f04da8ebeb
|i 6ded89e2-6f9d-3a38-840d-2bf7b34ef7f9
|t 0
|
| 952 |
f |
f |
|p default
|a Texas A&M University
|b College Station
|c Sterling C. Evans Library
|d Evans: Microforms (3rd floor)
|t 0
|e film B 3609 914:9
|h Other scheme
|i microform -- microfilm reel
|
| 998 |
f |
f |
|a film B 3609 914:9
|t 0
|l Evans: Microforms (3rd floor)
|